00000000nam 2200000zi 4500
0019.919623
003CaOODSP
00520230504144553
006m     o  d f      
007cr mn|||||||||
008230131e202304##onc     ob   f000 0 eng d
020 |a9780660473574
040 |aCaOODSP|beng|erda|cCaOODSP
043 |an-cn---
0861 |aHP5-155/2023E-PDF
1001 |aCastleden, Heather,|d1970- |eauthor.
24510|aWhat we heard : |bperspectives on climate change and public health in Canada / |cHeather Castleden; Isaac White; Jennifer Otoadese.
264 1|aOttawa, ON : |bPublic Health Agency of Canada = Agence de la santé publique du Canada, |cApril 2023.
264 4|c©2023
300 |a1 online resource (70 pages)
336 |atext|btxt|2rdacontent
337 |acomputer|bc|2rdamedia
338 |aonline resource|bcr|2rdacarrier
500 |aIssued also in French under title: Ce que nous avons entendu : perspectives sur les changements climatiques et la santé publique au Canada.
500 |a"Supplementary report for the Chief Public Health Officer of Canada’s Report on the State of Public Health in Canada 2022, Mobilizing Public Health Action on Climate Change in Canada."
504 |aIncludes bibliographical references (pages 69-70).
520 |a"The Chief Public Health Officer of Canada (CPHO) has identified climate change as a pressing public health issue. To better understand the impact of climate change on population health, the CPHO commissioned HEC Research and Consulting to prepare this What We Heard report. Our report is based on the analysis of 21 one-on-one interviews and two focus groups (with four and five participants respectively) with key public health experts across Canada"--Executive Summary, page 3.
650 0|aClimatic changes|xHealth aspects|zCanada|xPublic opinion.
650 0|aPublic opinion|zCanada.
7102 |aPublic Health Agency of Canada, |eissuing body.
77508|tCe que nous avons entendu : |w(CaOODSP)9.919624
85640|qPDF|s2.60 MB|uhttps://publications.gc.ca/collections/collection_2023/aspc-phac/HP5-155-2023-eng.pdf
986 |a220743